000 00897cab a2200241 4500
001 ABS57365
008 090401t1997 xxu||||| |||| 00| 0 eng d
035 _a(Sirsi) u79974
041 _aeng
245 _aBeing a wiser witness
260 _c1997
350 _a0
490 _aEstates Gazette
_v(9730) 26 July 1997, 119-122(3)
520 _aOutlines the duties of an expert witness, relating cautionary tales where oral statements have been judged to form a contract, and witnesses have been found to be unreliable. Advocates the keeping of contemporaneous notes of negotiations compared to the limitations of proofs of evidence.
650 _aCONTEMPORANEOUS NOTICES
650 _aDUTIES
650 _aEVIDENCE
650 _aEXPERT WITNESSES
650 _aPROOFS OF EVIDENCE
690 _aMANAGEMENT-BUSINESS MANAGEMENT-PROFESSIONAL PRACTICE
942 _n0
948 _c29/07/1997
999 _c50329
_d50329